Ciudades con los Rascacielos más Altos - Estadísticas

Estadísticas generales
  • Esta prueba ha sido intentada 124 veces
  • La puntuación promedio es 7 de 11
Respuestas en el mapa
Las respuestas están codificadas por una escala verde-roja en el mapa de la prueba según el % correcto abajo.
 
Estadísticas de respuestas
Respuesta % Correcto
Nueva York
92%
Dubai
88%
Shanghái
85%
Pekin
82%
Kuala Lumpur
70%
Taipei
63%
Seúl
60%
Cantón
56%
Shenzhen
28%
La Meca
26%
Tianjin
24%
No se encontraron pruebas coincidentes
Distribución de puntuación
Porcentaje de gente con cada puntuación
Porcentaje por número respondido
Historial de tus puntuaciones
No has intentado esta prueba.